State of Play : India’s Tryst with Federalism (Record no. 47293)

MARC details
000 -LEADER
fixed length control field 00621nam a22001697a 4500
005 - DATE AND TIME OF LATEST TRANSACTION
control field 20260218155615.0
008 - FIXED-LENGTH DATA ELEMENTS--GENERAL INFORMATION
fixed length control field 260218b |||||||| |||| 00| 0 eng d
020 ## - INTERNATIONAL STANDARD BOOK NUMBER
International Standard Book Number 9789393875433
040 ## - CATALOGING SOURCE
Transcribing agency VITAP
082 ## - DEWEY DECIMAL CLASSIFICATION NUMBER
Edition number 23rd Ed.
Classification number 320.954 HIN
100 ## - MAIN ENTRY--PERSONAL NAME
Personal name The Hindu Group
9 (RLIN) 17122
245 ## - TITLE STATEMENT
Title State of Play : India’s Tryst with Federalism
Statement of responsibility, etc. / The Hindu Group
260 ## - PUBLICATION, DISTRIBUTION, ETC.
Place of publication, distribution, etc. Chennai
Name of publisher, distributor, etc. THG (The Hindu Group) Publishing Private Limited
Date of publication, distribution, etc. 2023
300 ## - PHYSICAL DESCRIPTION
Extent 304p. : ill. ; 21cm
650 #0 - SUBJECT ADDED ENTRY--TOPICAL TERM
Topical term or geographic name entry element Federal government - India; Federalism - India; Constitutional law - India; Public administration - India
9 (RLIN) 17123
942 ## - ADDED ENTRY ELEMENTS (KOHA)
Source of classification or shelving scheme Dewey Decimal Classification
Koha item type Reference Book
Holdings
Withdrawn status Lost status Source of classification or shelving scheme Materials specified (bound volume or other part) Damaged status Not for loan Collection code Home library Current library Shelving location Date acquired Source of acquisition Cost, normal purchase price Inventory number Total Checkouts Full call number Barcode Date last seen Cost, replacement price Price effective from Koha item type Public note
    Dewey Decimal Classification Paper Back     Reference School of Business & General Section VIT-AP Reference 2026-01-12 The Hindu Group of Publications 399.00 9001173329   320.954 HIN 025482 2026-02-18 399.00 2026-01-12 Reference Book GEN

Visitor Number: